| 000 | 00646nam a2200217Ia 4500 | ||
|---|---|---|---|
| 003 | GCL | ||
| 005 | 20240530104456.0 | ||
| 008 | 140319s9999 xx 000 0 ara d | ||
| 040 |
_aGCL / _cGCL |
||
| 082 | 0 | 4 |
_a320.5 _bأ أ |
| 100 | 1 | _aحنة ارندت | |
| 245 | 1 | 0 |
_aاسس التوتاليتارية / _cحنة ارندت |
| 300 | _a347 ص | ||
| 490 |
_aالهيئة العامة للاستعلامات _v0 |
||
| 650 | 0 | 4 | _aالسياسة الدولية |
| 650 | 0 | 4 | _aالسياسة |
| 650 | 0 | 4 | _aالسياسة الخارجية |
| 650 | 0 | 4 | _aالاحزاب السياسية |
| 700 | 1 | _aانطوان ابوزيد | |
| 942 |
_2ddc _cBK |
||
| 999 |
_c47976 _d47976 |
||